01902cam a22002891 4500001001300000003000400013005001700017008004100034010001700075035001900092040005700111042001200168050002300180082001100203100004900214245006700263260004500330300007900375410004400454500004800498500025900546501065400805504003001459650003801489650004201527650004301569gs 53000206 DLC20260227111400.0780310s1953 ksuab 000 0 eng c ags 53000206  a(OCoLC)3704610 aU.S. Geol. Survey. Libr.cOTdOCoLCdTxUdOCoLCdDLC apremarc00aQE113b.A2 no. 100 a551.491 aPrescott, Glenn C.q(Glenn Carleton),d1923-00aGeology and ground-water resources of Cheyenne County, Kansas. aLawrence :bUniversity of Kansas,c1953. a106 p. :billus., maps (2 fold. col. in pocket), diagrs., tables ;c23 cm.20aKansas Geological SurveytBulletinv100 aAt head of title: Division of Ground Water. a"Prepared by the United States Geological Survey and the State Geological Survey of Kansas, with the cooperation of the Division of Sanitation of the Kansas State Board of Health, and the Division of Water Resources of Kansas State Board of Agriculture." aWith : Geology and ground-water resources of Jackson County, Kansas, 1953 -- Petrographic study of southeastern Kansas coals, 1953 -- Composition of some uranium-bearing phosphate nodules from Kansas shales / by Russell T. Runnels, John A. Schleicher, and H. S. Van Nortwick, 1953 -- Experimental separation of iron-bearing minerals from certain Kansas clays, 1953 -- Experiments in the rapid drying of plastic clay brick / by Norman Plummer and William B. Hladik, 1954 -- Improvement of some Kansas clays through the control of pH and of soluble sulfates / Norman Plummer and William B. Hladik, 1953. Bound together subsequent to publication.5DLC a"References": p. 103-104. 0aGeologyzKansaszCheyenne County. 0aGroundwaterzKansaszCheyenne County. 0aWater-supplyzKansaszCheyenne County.